| 000 | 01159nam a2200229 i 4500 | ||
|---|---|---|---|
| 001 | 188948 | ||
| 003 | ES-MaACL | ||
| 005 | 20251220174424.0 | ||
| 008 | 190305s1981 sp |||| | spa d | ||
| 100 | 1 |
_aSubirá Bados, Ramiro. _9166527 |
|
| 245 | 1 | 0 |
_aMedios de comunicación social y medio ambiente / _cRamiro Subirá Bados. |
| 260 |
_a[Madrid : _bCIFCA, _c1981?] |
||
| 300 |
_a18, [2] p. ; _c30 cm. |
||
| 490 | 1 |
_aOpiniones. Sectores específicos. Comunicación social ; _v1 |
|
| 500 | _aEl presente texto sirvió de base para una exposición del autor en el Seminario sobre Medios de Comunicación Social y Medio Ambiente, celebrado en San José de Costa Rica del 30 de noviembre al 4 de diciembre de 1981. | ||
| 650 | 4 |
_aMedio ambiente- _xEn los medios de comunicación social. _9166528 |
|
| 710 | 2 |
_aCentro Internacional de Formación en Ciencias Ambientales (Madrid) _9166480 |
|
| 711 | 2 |
_aSeminario sobre Medios de Comunicación Social y Medio Ambiente _d(1981. _cSan José de Costa Rica) _9166529 |
|
| 830 | 0 |
_aOpiniones. Sectores específicos. Comunicación social ; _v1 _9225749 |
|
| 852 |
_aES-MaACL _jP-469-1 |
||
| 999 |
_c188948 _d188948 |
||